=LDR 00000nam 2200000 4500 =001 000526 =005 20250710115904 =035 ##$$a 0010-0725000392 =007 ta =008 250710################a##########0#ind## =020 ##$$a 978-623-307-001-0 =082 ##$$a 398.209 598 =084 ##$$a 398.209 598 ALF w =100 #$$a Ana Falesthein Tahta Alfina =245 1#$$a Warna-warni kemah sains /$c Ana Falesthein Tahta Alfina =250 ##$$a Cetakan ketiga =260 ##$$a Rawamangun :$b Badan Pengembangan dan Pembinaan Bahasa,$c 2019 =300 ##$$a 38 hlm. : $b Ilus. ; $c 29,7 cm. =650 #4$$a Cerita Anak - Indonesia =650 #4$$a Literasi - Bahan bacaan =856 ##$$a TBM AS SUHADA =990 ##$$a TBM02830283